Nuevos tiempos para la funcin̤ pb︢lica Propuestas para atraer y desarrollar el talento en la Administracin̤ General del Estado

Detalles Bibliográficos
Formato: eBook
Lenguaje:español
Publicado: Madrid: Instituto Nacional de Administracin̤ Pb︢lica (INAP), 2017
Materias:
Acceso en línea:Acceso restringido

MARC

LEADER 00000nam a22000007a 4500
005 20180319230430.0
007 cr|||| ||||
008 180319s2017 es |||||s|||| 00||0 spa d
020 |a 978-84-7351-568-9 
035 |a 21088 
040 |a vLex 
090 |c 7489  |d 7489 
245 0 0 |a Nuevos tiempos para la funcin̤ pb︢lica  |h [Recurso electrn̤ico] :  |b Propuestas para atraer y desarrollar el talento en la Administracin̤ General del Estado 
256 |a Servicio en ln̕ea 
260 |a Madrid:  |b Instituto Nacional de Administracin̤ Pb︢lica (INAP),  |c 2017 
300 |a 1 recurso electrn̤ico 
506 1 |a Disponible solo en los productos indicados  |d vLex Global  |d vLex Global (Academic Edition, excluding Law Schools)  |d vLex Global (U.S. Academic Edition, Law Schools)  |d vLex Global (U.S. Academic Edition, excluding Law Schools)  |d vLex Global (Academic Edition, Law Schools) 
650 0 4 |a Derecho Pb︢lico y Administrativo  |z Espaą 
740 0 |a vLex Libros (Servicio en ln̕ea) 
856 4 0 |u http://vlex.com/source/nuevos-tiempos-funcion-publica-21088  |z Acceso restringido 
942 |c BOOK 
999 0 |a Public and Administrative Law